2026 World Cup Teams - Statistiques

Statistiques générales
  • Ce quiz a été pris 49 fois
    47 depuis la dernière actualisation
  • Le résultat moyen est 25 sur 48
Statistiques - réponses
Réponse % Correct
France
84%
Portugal
76%
Algeria
68%
Morocco
68%
Senegal
68%
Spain
68%
England
66%
Germany
66%
Egypt
63%
Brazil
61%
Mexico
61%
Argentina
58%
Canada
58%
Colombia
58%
Congo
58%
South Africa
58%
Sweden
58%
Tunisia
58%
Uruguay
58%
Belgium
55%
Japan
55%
Netherlands
55%
Australia
53%
Austria
53%
Iran
53%
Paraguay
53%
Switzerland
53%
Ghana
50%
New-Zealand
50%
Norway
50%
Scotland
50%
Bosnia
47%
Ecuador
47%
Haïti
47%
Irak
47%
Panama
47%
South Korea
47%
United States
47%
Croatia
45%
Ivory Coast
45%
Cape Verde
42%
Curacao
42%
Qatar
42%
Jordan
39%
Saudi Arabia
32%
Türkiye
32%
Uzbekistan
29%
Czechia
26%
Aucun quiz correspondant
Distribution des résultats
% des personnes avec chaque résultat
Percentile par nombre de réponses
Votre historique - résultats
Vous n’avez pas pris ce quiz depuis la dernière actualisation